000 00300nam a2200133 i 4500
001 bg
100 1 _aUNKS, T. K.
245 0 _aAstrofizika wysokich energij /
_cT.K. Unks.
260 _aMoskwa,
_c1972.
040 _cBPK
041 _apol
942 _cKS
008 s pl f |000 0 pol
999 _c14762
_d14762
856 _uhttp://koha.tu.koszalin.pl/cgi-bin/koha/opac-detail.pl?biblionumber=14762
_yKatalog online BPK